A húgysav új térfogatos mikromeghatározása vizeletben és vérben
Elmentve itt :
| Szerzők: | |
|---|---|
| Dokumentumtípus: | Könyv része |
| Megjelent: |
1933
|
| Sorozat: | Közlemények a szegedi kir. magy. Ferencz József-Tudományegyetem belgyógyászati klinikájáról
Közlemények a szegedi kir. magy. Ferencz József-Tudományegyetem belgyógyászati klinikájáról 1932-1933 |
| Kulcsszavak: | Hematológia - esettanulmányok, Urológia |
| Tárgyszavak: | |
| Online Access: | http://acta.bibl.u-szeged.hu/54066 |
| LEADER | 00942naa a2200217 i 4500 | ||
|---|---|---|---|
| 001 | acta54066 | ||
| 005 | 20220107080352.0 | ||
| 008 | 180607s1933 hu o 0|| hun d | ||
| 040 | |a SZTE Egyetemi Kiadványok Repozitórium |b hun | ||
| 041 | |a hun | ||
| 100 | 1 | |a Rusznyák István | |
| 245 | 1 | 2 | |a A húgysav új térfogatos mikromeghatározása vizeletben és vérben |h [elektronikus dokumentum] / |c Rusznyák István |
| 260 | |c 1933 | ||
| 300 | |a 1-7 | ||
| 490 | 0 | |a Közlemények a szegedi kir. magy. Ferencz József-Tudományegyetem belgyógyászati klinikájáról | |
| 490 | 0 | |a Közlemények a szegedi kir. magy. Ferencz József-Tudományegyetem belgyógyászati klinikájáról 1932-1933 | |
| 650 | 4 | |a Orvos- és egészségtudomány | |
| 650 | 4 | |a Klinikai orvostan | |
| 695 | |a Hematológia - esettanulmányok, Urológia | ||
| 700 | 0 | 1 | |a Hatz Ella |e aut |
| 856 | 4 | 0 | |u http://acta.bibl.u-szeged.hu/54066/1/kozl_belgy_32_33_001-007b.pdf |z Dokumentum-elérés |